| 000 | 00636nam a2200229Ia 4500 | ||
|---|---|---|---|
| 005 | 20240430152331.0 | ||
| 008 | 131103s9999 xx 000 0 und d | ||
| 020 | _a13 978 1 4129 2401 6 | ||
| 040 | _aLoreto College | ||
| 041 | _aEnglish | ||
| 082 |
_a371.42 _bLIN |
||
| 100 | _aLines, Dennis | ||
| 245 |
_aBrief Counselling in Schools _cDennis Lines |
||
| 250 |
_a2nd ed. _b working with young people from 11 to 18 |
||
| 260 |
_aLondon _bSage _c2006 |
||
| 300 | _avii,217p. | ||
| 504 | _aIncludes references & index | ||
| 650 | _aEducation | ||
| 651 | _aStudent guidance and counseling | ||
| 850 | _aLCBED | ||
| 942 | _cBK | ||
| 999 |
_c25981 _d76460 |
||